[Event "Groningen PCA"]
[Site "Groningen"]
[Date "1993.??.??"]
[Round "7"]
[White "Anand, Viswanathan"]
[Black "Shirov, Alexei"]
[Result "1/2-1/2"]
[WhiteElo "2725"]
[BlackElo "2685"]
[PlyCount "31"]
[EventDate "1993.12.??"]
[Source "ChessBase"]

1. e4 g6 2. d4 Bg7 3. Nf3 d6 4. c3 Nf6 5. Bd3 O-O 6. O-O Nbd7 7. Re1 e5 8. Nbd2 c6 9. Nf1 Qc7 10. Ng3 d5 11. dxe5 Nxe5 12. Bf4 Nxf3+ 13. Qxf3 Qb6 14. Be5 dxe4 15. Bxe4 Ng4 16. Bxg7 1/2-1/2

[Event "FIDE GP+"]
[Site "Dubai"]
[Date "2002.04.08"]
[Round "5.2"]
[White "Karpov, Anatoly"]
[Black "Azmaiparashvili, Zurab"]
[Result "1/2-1/2"]
[WhiteElo "2693"]
[BlackElo "2676"]
[PlyCount "57"]
[EventDate "2002.04.03"]
[Source "ChessBase"]
[SourceDate "2002.08.12"]

1. d4 d6 2. Nf3 g6 3. e4 Bg7 4. c3 Nf6 5. Bd3 O-O 6. O-O Nc6 7. Na3 Bg4 8. h3 Bxf3 9. Qxf3 e5 10. Nc2 Qe8 11. Re1 Nd7 12. Be3 Ne7 13. Rad1 Kh8 14. dxe5 Nxe5 15. Qe2 Qa4 16. Nb4 Nxd3 17. Qxd3 a5 18. Nd5 Nxd5 19. Qxd5 Qc6 20. Bd4 Rae8 21. Qxa5 Bxd4 22. cxd4 Ra8 23. Qb4 Rxa2 24. Rc1 Qb6 25. Qxb6 cxb6 26. Re2 Kg8 27. Rc7 Ra1+ 28. Kh2 Rd1 29. Rxb7 1/2-1/2

[Event "Moscow ol (Men)"]
[Site "Moscow"]
[Date "1994.??.??"]
[Round "10"]
[White "Jussupow, Artur"]
[Black "Ivanchuk, Vassily"]
[Result "1/2-1/2"]
[WhiteElo "2655"]
[BlackElo "2695"]
[PlyCount "31"]
[EventDate "1994.11.??"]
[Source "ChessBase"]

1. d4 g6 2. e4 Bg7 3. Nf3 d6 4. c3 Nf6 5. Bd3 O-O 6. O-O Nc6 7. Bg5 h6 8. Bxf6 Bxf6 9. Nbd2 e5 10. dxe5 Nxe5 11. Nxe5 dxe5 12. Qe2 Bg4 13. Nf3 Qe7 14. h3 Bxf3 15. Qxf3 h5 16. Rad1 1/2-1/2

[Event "50th It"]
[Site "Reggio Emilia ITA"]
[Date "2008.01.05"]
[Round "8"]
[White "Tiviakov, S."]
[Black "Harikrishna, P."]
[Result "1/2-1/2"]
[WhiteElo "2643"]
[BlackElo "2668"]
[PlyCount "91"]
[EventDate "2007.12.29"]
[Source "www.chesslib.no"]
[SourceDate "2004.05.04"]

1. e4 g6 2. d4 Bg7 3. c3 d6 4. Nf3 Nf6 5. Bd3 O-O 6. O-O Nc6 7. d5 Nb8 8. c4 c6 9. Nc3 a5 10. h3 Na6 11. Re1 Nc5 12. Bc2 Nfd7 13. Be3 Nb6 14. Bd4 Bxd4 15. Qxd4 e5 16. Nxe5 Na6 17. Nf3 c5 18. Qd3 Nb4 19. Qe2 Nxc4 20. Bb3 Nb6 21. a3 Na6 22. e5 Nc7 23. Rad1 dxe5 24. d6 Ne6 25. Qxe5 c4 26. Ba2 Bd7 27. Nd2 Rc8 28. Nde4 f5 29. Nd2 Rc5 30. Qe2 Nf4 31. Qe7 Re8 32. Qxd8 Rxd8 33. Nxc4 Nxc4 34. Rd4 Be6 35. Rxf4 Bf7 36. Bxc4 Rxc4 37. Rxc4 Bxc4 38. Rd1 Kf7 39. Rd4 Bb3 40. Nb5 Ke8 41. Rh4 Bg8 42. b4 axb4 43. Rxb4 Kd7 44. Nc3 Kc6 45. Nb5 Kc5 46. Rb1 1/2-1/2

[Event "ETCC"]
[Site "Crete GRE"]
[Date "2007.10.28"]
[Round "1"]
[White "Alekseev, Evgeny"]
[Black "Hillarp Persson, T."]
[Result "1-0"]
[WhiteElo "2716"]
[BlackElo "2567"]
[PlyCount "119"]
[EventDate "2007.10.28"]
[Source "www.chesslib.no"]
[SourceDate "2004.05.04"]

1. e4 g6 2. d4 Bg7 3. Nf3 d6 4. c3 Nf6 5. Bd3 O-O 6. O-O Nc6 7. Re1 e5 8. Nbd2 Nd7 9. Nb3 h6 10. Bb5 Ne7 11. Qc2 a6 12. Bf1 c5 13. Be3 Qc7 14. dxe5 dxe5 15. a4 b6 16. Nfd2 Rb8 17. Nc4 b5 18. axb5 axb5 19. Na3 c4 20. Nd2 Nc6 21. b3 Nd4 22. Qb2 Rd8 23. bxc4 bxc4 24. Qa2 Nb3 25. Rad1 Nxd2 26. Rxd2 Qa5 27. Nxc4 Qxa2 28. Rxa2 Nf6 29. Nxe5 Nxe4 30. Nc6 Nxc3 31. Ra7 Be6 32. Nxb8 Rxb8 33. Bf4 Rb6 34. Raa1 Nd5 35. Be5 Bxe5 36. Rxe5 Nf6 37. Rb5 Rd6 38. Rb2 h5 39. f3 Kg7 40. Kf2 Nd7 41. Ra6 Rd4 42. Ke3 Rd5 43. Rb5 Nf6 44. Rxd5 Nxd5+ 45. Kd4 Ne7 46. Ke5 Nf5 47. Ra3 Nh4 48. g3 Nf5 49. Rc3 Ne7 50. Rc5 Ng8 51. Bc4 Bxc4 52. Rxc4 Nh6 53. g4 hxg4 54. fxg4 g5 55. h3 f6+ 56. Ke6 Kg6 57. Rc6 Nf7 58. Ke7 Ne5 59. Rxf6+ Kg7 60. Ke6 1-0

[Event "6th Dubai Open"]
[Site "Dubai"]
[Date "2004.04.26"]
[Round "8.9"]
[White "Minasian, Artashes"]
[Black "Nisipeanu, Liviu Dieter"]
[Result "1/2-1/2"]
[WhiteElo "2585"]
[BlackElo "2692"]
[PlyCount "43"]
[EventDate "2004.04.19"]
[Source "Roberto Alvarez"]
[SourceDate "2004.05.03"]

1. Nf3 g6 2. e4 Bg7 3. d4 d6 4. c3 Nf6 5. Bd3 O-O 6. O-O c5 7. h3 Qc7 8. Qe2 e5 9. dxe5 dxe5 10. a4 Nc6 11. Na3 b6 12. Bg5 Nh5 13. Ba6 h6 14. Be3 Nf4 15. Bxf4 Bxa6 16. Qxa6 exf4 17. Rad1 Rfe8 18. Rfe1 Re6 19. Rd5 Rae8 20. Qd3 Ne5 21. Nxe5 Rxe5 22. Rxe5 1/2-1/2

[Event "Moscow PCA qual"]
[Site "Moscow"]
[Date "1996.??.??"]
[Round "10"]
[White "Chernin, Alexander"]
[Black "Azmaiparashvili, Zurab"]
[Result "1-0"]
[WhiteElo "2595"]
[BlackElo "2660"]
[PlyCount "109"]
[EventDate "1996.??.??"]
[Source "ChessBase"]

1. d4 d6 2. e4 g6 3. c3 Bg7 4. Nf3 Nf6 5. Bd3 O-O 6. O-O Nc6 7. Re1 e5 8. h3 Nh5 9. Be3 Bd7 10. Nbd2 Kh8 11. Bc2 a6 12. a3 Nf4 13. Bxf4 exf4 14. Nf1 Qe7 15. Qd2 Bh6 16. N1h2 Rae8 17. Rad1 Qd8 18. Ng4 Bg5 19. e5 Bxg4 20. hxg4 dxe5 21. d5 Na5 22. Qd3 b5 23. b3 Bf6 24. a4 Nb7 25. axb5 axb5 26. Qxb5 Nd6 27. Qc6 e4 28. Nd4 e3 29. fxe3 fxe3 30. Nf3 Bh4 31. Re2 Bf2+ 32. Kf1 Re4 33. Rxf2 exf2 34. Bxe4 Nxe4 35. d6 Nxd6 36. Kxf2 Re8 37. Kg1 Kg8 38. b4 Re3 39. b5 Qe7 40. b6 Re2 41. bxc7 Qe3+ 42. Kh1 Nc8 43. Qd7 Nb6 44. c8=Q+ Nxc8 45. Qxc8+ Kg7 46. Qc4 Qh6+ 47. Nh2 Re8 48. Qd4+ Kg8 49. Rf1 Qg5 50. Nf3 Qh6+ 51. Kg1 Qf8 52. Ne5 Re7 53. Nd7 Qc8 54. Nf6+ Kf8 55. Nd5 1-0

[Event "Rubinstein mem"]
[Site "Polanica Zdroj"]
[Date "1996.??.??"]
[Round "3"]
[White "Rublevsky, Sergei"]
[Black "Krasenkow, Michal"]
[Result "1/2-1/2"]
[WhiteElo "2645"]
[BlackElo "2605"]
[PlyCount "57"]
[EventDate "1996.08.15"]
[Source "ChessBase"]

1. e4 g6 2. d4 Bg7 3. Nf3 d6 4. c3 Nf6 5. Bd3 O-O 6. O-O Nc6 7. h3 e5 8. Re1 Re8 9. Na3 h6 10. Nc2 Bd7 11. Bd2 a5 12. b3 Nh5 13. Qc1 g5 14. Bf1 Qf6 15. dxe5 dxe5 16. Ne3 Nf4 17. Nd5 Nxd5 18. exd5 Na7 19. Re3 e4 20. Nd4 Qd6 21. Qc2 Qxd5 22. Bc4 Qc5 23. Rxe4 b5 24. Bd3 Nc6 25. Rc1 Rxe4 26. Bxe4 Re8 27. Nf3 Ne5 28. Nd4 Nc6 29. Nf3 1/2-1/2

[Event "NED-ch op 5'"]
[Site "?"]
[Date "2002.02.15"]
[Round "?"]
[White "Vaganian Rafael Agred"]
[Black "Ehlvest Jaan"]
[Result "1/2-1/2"]
[WhiteElo "2660"]
[BlackElo "2585"]
[PlyCount "125"]
[EventDate "2002.??.??"]
[Source "www.chesslib.no"]
[SourceDate "2004.05.04"]

1. d4 g6 2. e4 Bg7 3. Nf3 d6 4. c3 Nf6 5. Bd3 O-O 6. O-O Nbd7 7. Nbd2 e5 8. Re1 b6 9. Nf1 Bb7 10. Ng3 a6 11. h3 h6 12. Bd2 Nh7 13. Qc1 h5 14. Bh6 Qe7 15. Bxg7 Kxg7 16. Qd2 Rad8 17. Rad1 Rfe8 18. Nh2 Qf6 19. Bc2 Ndf8 20. Re3 Ne6 21. Rf3 Qg5 22. Qe1 Nf6 23. Re3 Nf4 24. Nf3 Qh6 25. dxe5 dxe5 26. Rxd8 Rxd8 27. Nxe5 h4 28. Ne2 N6h5 29. Ng4 Qg5 30. Nxf4 Nxf4 31. Rf3 Bc8 32. Qe3 Ne6 33. Qxg5 Nxg5 34. Rd3 Rxd3 35. Bxd3 Bxg4 36. hxg4 a5 37. f3 Kf6 38. f4 Ne6 39. e5+ Ke7 40. f5 Nc5 41. Bc4 gxf5 42. gxf5 Na4 43. Kh2 f6 44. e6 Nxb2 45. Be2 Na4 46. Kh3 Nxc3 47. Bc4 b5 48. Bd3 Nxa2 49. Bxb5 a4 50. Bc4 Nc3 51. Kxh4 a3 52. g4 a2 53. Bxa2 Nxa2 54. g5 fxg5+ 55. Kxg5 Nc3 56. f6+ Kxe6 57. Kg6 Nd5 58. f7 Ne7+ 59. Kg7 Nf5+ 60. Kg6 Ke7 61. Kxf5 Kxf7 62. Ke5 Ke7 63. Kd5 1/2-1/2

[Event "Pamplona9697"]
[Site "Pamplona"]
[Date "1996.??.??"]
[Round "8"]
[White "Magem Badals, Jordi"]
[Black "Azmaiparashvili, Zurab"]
[Result "1/2-1/2"]
[WhiteElo "2570"]
[BlackElo "2670"]
[PlyCount "28"]
[EventDate "1996.12.??"]
[Source "ChessBase"]
[SourceDate "1997.04.10"]

1. e4 d6 2. d4 g6 3. c3 Bg7 4. Nf3 Nf6 5. Bd3 O-O 6. O-O Nc6 7. Re1 e5 8. h3 Nh5 9. Be3 d5 10. dxe5 Nxe5 11. Nxe5 Bxe5 12. exd5 Qxd5 13. Be2 Nf4 14. Bf3 Qxd1 1/2-1/2

[Event "OHRA"]
[Site "Amsterdam OHRA"]
[Date "1990.??.??"]
[Round "8"]
[White "Korchnoi, Viktor L"]
[Black "Azmaiparashvili, Zurab A"]
[Result "0-1"]
[WhiteElo "2625"]
[BlackElo "2610"]
[PlyCount "60"]
[EventDate "1990.??.??"]
[Source "www.chesslib.no"]
[SourceDate "2004.05.04"]

1. Nf3 g6 2. d4 Bg7 3. e4 d6 4. c3 Nf6 5. Bd3 O-O 6. O-O Nc6 7. b4 Bg4 8. h3 Bxf3 9. Qxf3 Nd7 10. b5 Nxd4 11. Qe3 Ne6 12. a4 Nec5 13. Bc2 a6 14. Ra3 Nb6 15. Qe2 axb5 16. axb5 Qd7 17. Rxa8 Rxa8 18. Be3 Nba4 19. Bd4 Ra5 20. Bxa4 Bxd4 21. cxd4 Nxa4 22. Qc2 c5 23. bxc6 Nc5 24. Nc3 Ra3 25. e5 Rb3 26. Nd5 Kf8 27. Ne3 Ne6 28. Ng4 Nf4 29. g3 Nd3 30. f4 Nxe5 0-1

[Event "Hoogovens-B"]
[Site "Wijk aan Zee"]
[Date "1996.??.??"]
[Round "4"]
[White "Miles, Anthony J"]
[Black "Bologan, Viktor"]
[Result "0-1"]
[WhiteElo "2635"]
[BlackElo "2590"]
[PlyCount "136"]
[EventDate "1996.01.??"]
[Source "ChessBase"]

1. d4 g6 2. e4 Bg7 3. Nf3 d6 4. c3 Nf6 5. Bd3 O-O 6. O-O Nbd7 7. Re1 e5 8. Nbd2 b6 9. Nf1 Bb7 10. Ng3 Re8 11. d5 c6 12. c4 Nc5 13. Bf1 a5 14. b3 b5 15. Bg5 b4 16. Qd2 Qe7 17. h3 Qf8 18. Qd1 Reb8 19. a3 Nfd7 20. Bd2 cxd5 21. cxd5 Bh6 22. Bxh6 Qxh6 23. Bb5 Ba6 24. Bxa6 Rxa6 25. axb4 Rxb4 26. Re3 a4 27. bxa4 Rbxa4 28. Rxa4 Rxa4 29. Nd2 Nf6 30. Qb1 Qf8 31. Kh2 Qa8 32. Qb6 Ra6 33. Qc7 h5 34. Qe7 Ncd7 35. Nxh5 gxh5 36. Rg3+ Kh8 37. Qxf7 Qf8 38. Qg6 h4 39. Rg5 Nh7 40. Rf5 Ndf6 41. Rf3 Ra4 42. Re3 Qg8 43. Qf5 Qg5 44. Qc8+ Ng8 45. Qc1 Nhf6 46. Qb1 Nh5 47. Nf3 Qf4+ 48. Kg1 Nhf6 49. Nd2 Nd7 50. Qd1 Nc5 51. Qh5+ Qh6 52. Qf5 Ne7 53. Qg4 Ra1+ 54. Nf1 Ng8 55. Qe2 Nf6 56. Qb2 Ra8 57. f3 Rg8 58. Ra3 Qf4 59. Qf2 Nh5 60. Ne3 Rb8 61. Ra1 Ng3 62. Ng4 Nb3 63. Qb2 Rc8 64. Rb1 Nd4 65. Ra1 Nde2+ 66. Kf2 Nc1 67. Kg1 Nd3 68. Qb7 Rc1+ 0-1

[Event "Biel Interzonal"]
[Site "Biel"]
[Date "1993.??.??"]
[Round "10"]
[White "Kortschnoj, Viktor"]
[Black "Hansen, Curt"]
[Result "1-0"]
[WhiteElo "2625"]
[BlackElo "2590"]
[PlyCount "93"]
[EventDate "1993.07.??"]
[Source "ChessBase"]

1. d4 d6 2. Nf3 g6 3. e4 Bg7 4. c3 Nf6 5. Bd3 O-O 6. O-O Nc6 7. d5 Nb8 8. h3 c6 9. c4 e6 10. dxe6 Bxe6 11. Nc3 Na6 12. Re1 Nd7 13. Bg5 Qb6 14. Rb1 Rfe8 15. Be3 Qd8 16. Nd4 Ne5 17. Nxe6 Rxe6 18. Bf1 Nd7 19. Qc2 Nac5 20. f3 a5 21. Bf2 h5 22. Ne2 h4 23. b3 Qg5 24. Qc1 Qxc1 25. Nxc1 g5 26. a3 Ne5 27. Rd1 Rae8 28. Be3 f5 29. Bxc5 dxc5 30. exf5 Rf6 31. Nd3 Rxf5 32. Nf2 Nf7 33. Bd3 Rfe5 34. Kf1 R5e6 35. Bf5 Rd6 36. Ne4 Rd4 37. Bg6 Re5 38. Bxf7+ Kxf7 39. Nd6+ Ke7 40. Nxb7 a4 41. bxa4 Kd7 42. a5 Kc7 43. a6 Rxd1+ 44. Rxd1 Kb6 45. Rd7 Bf8 46. Nd6 Bxd6 47. a7 1-0

[Event "ch-Euro Blitz"]
[Site "Ajaccio FRA"]
[Date "2007.10.25"]
[Round "19"]
[White "Prie, E."]
[Black "Milov, V."]
[Result "0-1"]
[WhiteElo "2532"]
[BlackElo "2676"]
[PlyCount "53"]
[EventDate "2007.10.25"]
[Source "www.chesslib.no"]
[SourceDate "2004.05.04"]

1. d4 g6 2. e4 Bg7 3. Nf3 d6 4. c3 Nf6 5. Bd3 O-O 6. O-O Nc6 7. h3 e5 8. Re1 Bd7 9. a4 h6 10. a5 a6 11. Bf1 Nh7 12. dxe5 Nxe5 13. Nxe5 dxe5 14. Na3 Ng5 15. Nc4 Bc6 16. Qxd8 Raxd8 17. f3 Ne6 18. Be3 Kh7 19. Red1 h5 20. h4 f6 21. g3 f5 22. Bg2 Bb5 23. Na3 Ba4 24. Rxd8 Rxd8 25. Nc4 Bb5 26. Nd2 Ra8 27. Bf1 0-1

[Event "50th It"]
[Site "Reggio Emilia ITA"]
[Date "2007.12.29"]
[Round "1"]
[White "Godena, M."]
[Black "Gashimov, V."]
[Result "1/2-1/2"]
[WhiteElo "2535"]
[BlackElo "2664"]
[PlyCount "70"]
[EventDate "2007.12.29"]
[Source "www.chesslib.no"]
[SourceDate "2004.05.04"]

1. e4 g6 2. d4 Bg7 3. c3 d6 4. Nf3 Nf6 5. Bd3 O-O 6. O-O Nc6 7. Re1 e5 8. h3 Re8 9. Na3 h6 10. Nc2 Bd7 11. Bd2 Nh5 12. Bf1 Nf6 13. Bd3 Nh5 14. Bf1 a6 15. Rc1 Rc8 16. a3 Kh7 17. b4 Nf6 18. Bd3 Nb8 19. dxe5 dxe5 20. Qe2 Nh5 21. Bc4 Qf6 22. Ne3 Nf4 23. Qd1 Rcd8 24. Ng4 Qe7 25. Qc2 h5 26. Bxf4 exf4 27. Ngh2 Kg8 28. e5 Bf5 29. Qa2 Nc6 30. Re2 Bxe5 31. Nxe5 Nxe5 32. Rxe5 Qxe5 33. Bxf7+ Kg7 34. Bxe8 Rxe8 35. Nf3 Qd6 1/2-1/2

[Event "RUS-ch m3-4"]
[Site "Elista"]
[Date "1997.??.??"]
[Round "3.3"]
[White "Dreev, Alexey"]
[Black "Makarov, Marat"]
[Result "1/2-1/2"]
[WhiteElo "2650"]
[BlackElo "2545"]
[PlyCount "121"]
[EventDate "1997.04.19"]
[Source "ChessBase"]
[SourceDate "1997.08.01"]

1. d4 g6 2. e4 Bg7 3. Nf3 d6 4. c3 Nf6 5. Bd3 O-O 6. O-O Nc6 7. Nbd2 e5 8. dxe5 dxe5 9. Nc4 Nh5 10. Bg5 Qe8 11. Re1 h6 12. Be3 Qe7 13. Qb3 b6 14. Qa3 Qf6 15. Bf1 Bg4 16. Nfd2 Rfd8 17. f3 Bd7 18. Rad1 a5 19. Qb3 a4 20. Qc2 Nf4 21. Na3 Be6 22. Bc4 h5 23. Nf1 Rxd1 24. Rxd1 Bxc4 25. Nxc4 Qe6 26. b3 axb3 27. axb3 h4 28. Bf2 Bf6 29. Nce3 Ne7 30. c4 Nc6 31. Nd5 Bd8 32. Qd2 Na5 33. Qb2 c5 34. Nfe3 Nc6 35. Nxf4 exf4 36. Nd5 Ne5 37. Nxf4 Qf6 38. Qd2 Qg5 39. Kf1 Nc6 40. Be3 Qf6 41. Qd6 Nd4 42. Qxf6 Bxf6 43. Bxd4 Bxd4 44. Ne2 Be5 45. f4 Bg7 46. Kf2 Ra3 47. Rd3 Kh7 48. Ke3 Bb2 49. e5 Kg7 50. Ke4 Ra7 51. Rd2 Ba1 52. Rd6 Ra2 53. Kf3 g5 54. fxg5 Bxe5 55. Rxb6 Bxh2 56. Rc6 Rb2 57. Rxc5 Rxb3+ 58. Ke4 Rb2 59. Kf3 Rb3+ 60. Ke4 Rb2 61. Kf3 1/2-1/2

[Event "Campionato europeo 2007"]
[Site "Dresda GER"]
[Date "2007.04.11"]
[Round "8.31"]
[White "Bologan, Viktor"]
[Black "Hillarp Persson, Tiger"]
[Result "1/2-1/2"]
[WhiteElo "2636"]
[BlackElo "2552"]
[PlyCount "157"]
[EventDate "2007.04.03"]
[Source "www.chesslib.no"]
[SourceDate "2004.05.04"]

1. e4 g6 2. d4 Bg7 3. Nf3 d6 4. c3 Nf6 5. Bd3 O-O 6. O-O Nc6 7. Re1 e5 8. h3 h6 9. Na3 Nh5 10. Nc2 Nf4 11. Bxf4 exf4 12. b4 Ne7 13. b5 c5 14. Na3 d5 15. exd5 Nxd5 16. Qb3 cxd4 17. cxd4 g5 18. Nc4 Be6 19. Nce5 Nb6 20. Qb1 Nd7 21. Bh7+ Kh8 22. Bf5 Nxe5 23. dxe5 Rc8 24. a4 Rc5 25. Bxe6 fxe6 26. Qg6 Qe8 27. Qe4 Qf7 28. Rac1 Rd5 29. Red1 Rxd1+ 30. Rxd1 Rc8 31. Qd4 b6 32. Qe4 Bf8 33. Nd4 Rd8 34. Rc1 Bc5 35. Nb3 Ba3 36. Rc6 Bb2 37. Rd6 Rc8 38. Qe2 Ba3 39. Rd1 Kg7 40. Nd4 Bc5 41. Nc6 a6 42. Qa2 Qe8 43. Rd2 axb5 44. axb5 Ra8 45. Qb1 h5 46. Qd1 Kh6 47. Rd8 Rxd8 48. Qxd8 Qxd8 49. Nxd8 Bd4 50. Kf1 Kg6 51. Nc6 Bc5 52. f3 Kf5 53. Ke2 Ba3 54. Kd2 Bb2 55. Kd3 Ba3 56. Nb8 Bc5 57. Nd7 Bg1 58. Nf6 h4 59. Nd7 Bf2 60. Nf6 Bg1 61. Ne4 Be3 62. Kc4 Bg1 63. Kd3 Be3 64. Kc4 Bg1 65. Nd6+ Kxe5 66. Nf7+ Kf5 67. Kd3 Bc5 68. Nh6+ Ke5 69. Ng4+ Kf5 70. Nh2 Bg1 71. Nf1 Bc5 72. Nd2 Be3 73. Ne4 Bg1 74. Kc4 Be3 75. Nd6+ Ke5 76. Nf7+ Kf5 77. Nd8 Bg1 78. Nc6 Bc5 79. Kd3 1/2-1/2

[Event "Cannes"]
[Site "?"]
[Date "1999.??.??"]
[Round "6"]
[White "Godena Michele"]
[Black "Tkachiev Vladislav"]
[Result "1/2-1/2"]
[WhiteElo "2552"]
[BlackElo "2634"]
[PlyCount "60"]
[EventDate "1999.??.??"]
[Source "www.chesslib.no"]
[SourceDate "2004.05.04"]

1. e4 g6 2. d4 Bg7 3. Nf3 d6 4. c3 Nf6 5. Bd3 O-O 6. O-O c5 7. h3 d5 8. e5 Ne4 9. Qe2 cxd4 10. cxd4 Bf5 11. Nbd2 Nc6 12. Nxe4 dxe4 13. Bxe4 Nxd4 14. Nxd4 Qxd4 15. Bxf5 gxf5 16. Re1 Qd5 17. Bg5 Rfe8 18. b3 h6 19. Rad1 Qe6 20. Bf4 Red8 21. Qb5 Qb6 22. Qxb6 axb6 23. a4 Rac8 24. g3 Kf8 25. Rxd8+ Rxd8 26. Rc1 Ke8 27. Rc4 Rd5 28. Rc7 Rd7 29. Rc4 Rd5 30. Rc7 Rd7 1/2-1/2

[Event "Cannes"]
[Site "?"]
[Date "1999.??.??"]
[Round "6"]
[White "Godena Michele"]
[Black "Tkachiev Vladislav"]
[Result "0-1"]
[WhiteElo "2552"]
[BlackElo "2634"]
[PlyCount "48"]
[EventDate "1999.??.??"]
[Source "www.chesslib.no"]
[SourceDate "2004.05.04"]

1. e4 g6 2. d4 Bg7 3. Nf3 d6 4. c3 Nf6 5. Bd3 O-O 6. O-O Nc6 7. h3 e5 8. Re1 Re8 9. dxe5 Nxe5 10. Nxe5 Rxe5 11. Bf4 Re8 12. Nd2 Bd7 13. Qc2 Bc6 14. Rad1 d5 15. e5 Nd7 16. Nf3 Nc5 17. Bf1 Ne6 18. Bg3 Qe7 19. b4 a6 20. a4 Qd7 21. Ra1 d4 22. Nxd4 Nxd4 23. cxd4 Qxd4 24. Rab1 Qd7 0-1

[Event "Bank Pocztowy op-A"]
[Site "Bydgoszcz"]
[Date "2001.05.04"]
[Round "7"]
[White "Eingorn, Vereslav S"]
[Black "Wojtkiewicz, Aleksander"]
[Result "1/2-1/2"]
[WhiteElo "2589"]
[BlackElo "2576"]
[PlyCount "88"]
[EventDate "2001.04.27"]
[Source "ChessBase"]
[SourceDate "2001.07.03"]

1. d4 g6 2. e4 Bg7 3. c3 d6 4. Nf3 Nf6 5. Bd3 Nbd7 6. O-O e5 7. Re1 O-O 8. Bg5 h6 9. Bh4 a6 10. Nbd2 b6 11. Qc2 Bb7 12. Rad1 Qe8 13. Nc4 Nh5 14. Ne3 Nf4 15. Bc4 exd4 16. Nd5 b5 17. Bf1 Nxd5 18. exd5 Qc8 19. Nxd4 Nb6 20. a4 bxa4 21. c4 Re8 22. f3 Qd7 23. Bf2 Rxe1 24. Rxe1 Re8 25. Rd1 Bf6 26. h4 h5 27. g3 Kg7 28. Kh2 Re7 29. f4 c5 30. dxc6 Bxc6 31. c5 Be4 32. c6 Qc7 33. Qd2 d5 34. Qb4 Nc4 35. Bxc4 dxc4 36. Qxc4 Qc8 37. Re1 Kg8 38. Qxa4 Kh7 39. Qc4 Kg8 40. b4 Kg7 41. b5 axb5 42. Nxb5 Qxc6 43. Qxc6 Bxc6 44. Rxe7 Bxe7 1/2-1/2

[Event "ARM-ch 63rd"]
[Site "Yerevan"]
[Date "2003.09.19"]
[Round "4"]
[White "Anastasian, Ashot"]
[Black "Minasian, Artashes"]
[Result "1/2-1/2"]
[WhiteElo "2593"]
[BlackElo "2571"]
[PlyCount "174"]
[EventDate "2003.09.16"]
[Source "ChessBase"]
[SourceDate "2003.10.22"]

1. d4 g6 2. e4 Bg7 3. Nf3 d6 4. c3 Nf6 5. Bd3 O-O 6. O-O c5 7. dxc5 dxc5 8. Qe2 Nc6 9. h3 Qc7 10. Be3 b6 11. Nbd2 Nh5 12. Ba6 Bd7 13. Rfd1 Rad8 14. a4 Nf4 15. Qf1 h6 16. Bb5 g5 17. Nc4 Be6 18. Bxf4 gxf4 19. Qe2 Bxc4 20. Bxc4 e6 21. Bb5 Ne5 22. Nxe5 Bxe5 23. Qh5 Kh7 24. Qh4 Rg8 25. Qh5 Rg5 26. Qf3 Rgg8 27. Kf1 Rxd1+ 28. Rxd1 Rd8 29. Ke2 Rxd1 30. Kxd1 Kg7 31. Qh5 Bf6 32. Kc2 Qe5 33. Qe2 Kf8 34. Qd3 Bh4 35. f3 Qc7 36. Kb3 Qd8 37. e5 Qxd3 38. Bxd3 Ke7 39. Kc4 Kd7 40. Kb5 Kc7 41. Ka6 Bf2 42. Kxa7 Be3 43. Ka6 Bc1 44. b4 cxb4 45. cxb4 Bb2 46. Bh7 Bxe5 47. Bg8 h5 48. Bxf7 h4 49. Bxe6 Bc3 50. Kb5 Be1 51. Bc4 Bg3 52. Bf1 Kb7 53. Kc4 Kc6 54. Kd4 Kd6 55. Ke4 Kc6 56. Ke5 Kc7 57. Bb5 Kb7 58. Bd3 Kc7 59. Be4 Kd7 60. b5 Kc7 61. Bc6 Kb8 62. Kd6 Bf2 63. Be4 Be1 64. Kc6 Bf2 65. Bd3 Be3 66. Kd7 Bf2 67. Bf1 Bg3 68. Kc6 Ka7 69. Kc7 Be1 70. g4 fxg3 71. Bg2 Bd2 72. Kd6 Kb8 73. Kc6 Be3 74. f4 Kc8 75. f5 Kd8 76. Kd6 Ke8 77. Ke6 Kf8 78. Kf6 Bc5 79. Kg5 Be7+ 80. f6 Bd8 81. Bd5 Ke8 82. Kf5 Kf8 83. Ke6 Bc7 84. Kf5 Bd6 85. Kg5 Be5 86. Kxh4 Bxf6+ 87. Kxg3 Bc3 1/2-1/2

[Event "Wijk aan Zee"]
[Site "?"]
[Date "1994.??.??"]
[Round "?"]
[White "Leko, P."]
[Black "Smirin, I."]
[Result "1/2-1/2"]
[WhiteElo "2545"]
[BlackElo "2615"]
[PlyCount "83"]
[EventDate "1994.??.??"]
[Source "ChessBase"]
[SourceDate "1993.10.01"]

1. e4 d6 2. d4 g6 3. c3 Bg7 4. Nf3 Nf6 5. Bd3 O-O 6. O-O Nc6 7. d5 Nb8 8. c4 e5 9. dxe6 fxe6 10. e5 Nh5 11. exd6 cxd6 12. g3 Nc6 13. Nc3 b6 14. Be4 Qd7 15. Ng5 Nf6 16. Bg2 Bb7 17. Re1 Rae8 18. Bf4 h6 19. Nge4 Nxe4 20. Nxe4 d5 21. Nd6 Rxf4 22. Nxe8 Rd4 23. Qe2 Qxe8 24. cxd5 Ne5 25. Rad1 Rxd5 26. Rxd5 Bxd5 27. f4 Bc4 28. Qc2 Nd3 29. Qxc4 Nxe1 30. Be4 Bxb2 31. Qb4 Bf6 32. Qxe1 Kg7 33. Qc1 Qd7 34. Kg2 e5 35. fxe5 Bxe5 36. Qc2 Qd6 37. Qd3 Qxd3 38. Bxd3 Bd4 39. Kf3 Kf6 40. Ke4 Bg1 41. h3 Bf2 42. g4 1/2-1/2

[Event "Panormo zt"]
[Site "Panormo"]
[Date "1998.10.28"]
[Round "5"]
[White "Vaganian, Rafael A"]
[Black "Nikolaidis, Ioannis"]
[Result "1-0"]
[WhiteElo "2630"]
[BlackElo "2530"]
[PlyCount "89"]
[EventDate "1998.10.24"]
[Source "ChessBase"]
[SourceDate "1999.01.01"]

1. d4 g6 2. e4 Bg7 3. Nf3 d6 4. c3 Nf6 5. Bd3 O-O 6. O-O c5 7. Nbd2 b6 8. Re1 Bb7 9. Nf1 cxd4 10. cxd4 e5 11. d5 Na6 12. Ng3 Nc5 13. Bc2 a5 14. a4 Qd7 15. Ra3 Ne8 16. h4 Nc7 17. h5 N7a6 18. Nh4 Bf6 19. Nf3 Nb4 20. Bb1 Qg4 21. Bh6 Bg7 22. Qd2 Kh8 23. Bg5 f6 24. Be3 Rf7 25. Nh2 Qd7 26. f4 f5 27. fxe5 Bxe5 28. hxg6 hxg6 29. exf5 gxf5 30. Nxf5 Rxf5 31. Bxf5 Qxf5 32. Bd4 Nbd3 33. Rxe5 dxe5 34. Bxc5 Nf4 35. Be3 Nxg2 36. Bg5 Rg8 37. Rg3 Nf4 38. Nf3 Bxd5 39. Qh2+ Kg7 40. Bxf4+ Kf7 41. Nxe5+ Ke8 42. Rxg8+ Bxg8 43. Qd2 Be6 44. Qd4 Qc2 45. Bg5 1-0

[Event "ROM-chT"]
[Site "Eforie Nord"]
[Date "2000.12.18"]
[Round "1"]
[White "Fedorov, Alexei"]
[Black "Negulescu, Adrian"]
[Result "1-0"]
[WhiteElo "2646"]
[BlackElo "2510"]
[PlyCount "102"]
[EventDate "2000.12.18"]
[Source "ChessBase"]
[SourceDate "2001.03.20"]

1. e4 g6 2. d4 Bg7 3. c3 d6 4. Nf3 Nf6 5. Bd3 O-O 6. O-O Nc6 7. h3 e5 8. Re1 Re8 9. d5 Ne7 10. c4 c5 11. Nc3 Nh5 12. Rb1 h6 13. b4 b6 14. bxc5 bxc5 15. Bc2 Nf4 16. Ba4 Bd7 17. Kh2 g5 18. Re3 Nc8 19. Bxd7 Qxd7 20. Qa4 Qxa4 21. Nxa4 Nb6 22. Nxb6 axb6 23. a3 Reb8 24. g3 Ng6 25. Reb3 Ra6 26. Nd2 Ne7 27. a4 Rxa4 28. Rxb6 Rd8 29. Kg2 Bf8 30. Kf3 Ng6 31. Ke2 Rda8 32. Kd3 Ra2 33. Bb2 R2a6 34. Bc3 Be7 35. Rxa6 Rxa6 36. Nf1 Ra2 37. Rb8+ Bf8 38. Bb2 Ne7 39. Ne3 h5 40. Kc2 Ra6 41. Kb3 f6 42. Bc3 Kf7 43. Rb5 Ke8 44. Ba5 Kd7 45. Rb7+ Kc8 46. Rc7+ Kb8 47. Rd7 Rxa5 48. Rd8+ Kc7 49. Rxf8 Ra1 50. Rf7 Kd8 51. Rxf6 Ke8 1-0

[Event "Alekhine op"]
[Site "Moscow"]
[Date "1992.??.??"]
[Round "?"]
[White "Dolmatov, Sergey"]
[Black "Sturua, Zurab"]
[Result "1/2-1/2"]
[WhiteElo "2610"]
[BlackElo "2545"]
[PlyCount "112"]
[EventDate "1992.10.??"]
[Source "ChessBase"]

1. e4 g6 2. d4 Bg7 3. c3 d6 4. Nf3 Nf6 5. Bd3 O-O 6. O-O Nc6 7. h3 e5 8. Re1 Re8 9. Nbd2 Bd7 10. Bc2 h6 11. Nf1 Nh7 12. Ng3 Ng5 13. Nxg5 hxg5 14. Be3 Bf6 15. d5 Nb8 16. f3 Be7 17. Ne2 Kg7 18. g4 c6 19. c4 cxd5 20. cxd5 Qa5 21. a3 Rc8 22. b4 Qd8 23. Qd2 a5 24. Bd3 Na6 25. Kg2 axb4 26. axb4 Nc7 27. Nc3 Rxa1 28. Rxa1 Ra8 29. Rc1 Na6 30. Qb2 Qe8 31. Ra1 Nc7 32. Rxa8 Qxa8 33. Kf2 Bd8 34. Ke2 Qc8 35. Kd2 Na8 36. Qa3 Qb8 37. Na4 f6 38. b5 Ba5+ 39. Ke2 Kf8 40. Nb2 Bc7 41. Nc4 Bxb5 42. Nxe5 Be8 43. Nc4 b5 44. Nd2 Bb6 45. Bxb6 Nxb6 46. Nb3 Na4 47. Qb4 Qb6 48. Qd4 Qxd4 49. Nxd4 b4 50. Kd2 Nc5 51. Bb5 Nb3+ 52. Nxb3 Bxb5 53. Nd4 Bc4 54. Nc6 b3 55. Nd4 Ke7 56. Kc3 Bf1 1/2-1/2